Normal view MARC view
  • Swartz, Jon David

Entry Nombre Personal

Number of records used in: 1

001 - NUMERO DE CONTROL

  • campo de control: 44684

003 - IDENTIFICADOR DE NUMERO DE CONTROL

  • campo de control: DLC

005 - FECHA Y HORA DE LA ÜLTIMA TRANSACCIÓN

  • campo de control: 20220603123756.0

008 - DATOS DE LONGITUD FIJA

  • campo de control de longitud fija: 800411n| acannaabn |a aaa

010 ## - NÚMERO DE CONTROL DE LA BIBLIOTECA DEL CONGRESO

  • Número de control LC: n 50011601

035 ## - NUMERO DE CONTROL

  • Número de control: (OCoLC)oca00047096

040 ## - FUENTE DE CATALOGACIÓN

  • Agencia original de catalogación: DLC
  • Lenguaje de catalogación: eng
  • Agencia de transcripción: DLC
  • Agencia que lo modifica: DLC
  • Agencia que lo modifica: OCoLC
  • Agencia que lo modifica: IEN
  • Agencia que lo modifica: MX-MxUPN

046 ## - FECHAS CON CODIFICACIÓN ESPECIAL

  • Fecha de nacimiento: 19341228

100 1# - ENCABEZAMIENTO - NOMBRE PERSONAL

  • Nombre personal: Swartz, Jon David

400 1# - VEÁSE - NOMBRE DE PERSONA

  • Personal name: Swartz, Jon D.
  • Fuller form of name: (Jon David)

670 ## - FUENTE EN LA QUE SE LOCALIZARON DATOS

  • Cita de la fuente: Cleland, C. C. Mental retardation, 1969

670 ## - FUENTE EN LA QUE SE LOCALIZARON DATOS

  • Cita de la fuente: Cleland, C. C. Exceptionalities through the lifespan, c1982:
  • Información localizada: portada (Jon D. Swartz)

670 ## - FUENTE EN LA QUE SE LOCALIZARON DATOS

  • Cita de la fuente: Historical dictionary of old-time radio, 2007:
  • Información localizada: portada (Jon D. Swartz) data view (b. Dec. 28, 1934; Ph.D., Texas, 1969; Chief of Psychological Services, Central Counties Center for Mental Health-Mental Retardation, Temple, Texas, from 1990 until his retirement in 1999)

670 ## - FUENTE EN LA QUE SE LOCALIZARON DATOS

  • Cita de la fuente: Desarrollo de la personalidad en dos culturas, 1975:
  • Información localizada: portada (Jon. D Swartz)

902 ## - CATALOGADOR

  • Catalogador: VAGG/030622